banner-ar

MADNESS IN THE STREETS : (Record no. 8849)

MARC details
000 -الفاتح
حقل البيانات ثابتة الطول 00726nam a2200205Ia 4500
008 - عناصر البيانات ثابتة الطول - معلومات عامة
حقل البيانات ثابتة الطول 140319s9999 xx 000 0 eng d
020 ## - الرقم الدولى المعيارى للكتب
الرقم الدولى المعيارى للكتاب 0029153808
040 ## - مصدر الفهرسة
وكالة الفهرسة الأصلية GCL /
وكالة النسخ GCL
082 04 - رقم تصنيف ديوى العشرى
رقم التصنيف 362.2086942
رقم المادة I M
100 1# - المدخل الرئيسى - إسم شخصى
الإسم الشخصى ISAAC, RAEL JEAN
245 10 - بيان العنوان
العنوان MADNESS IN THE STREETS :
بقية العنوان HOW PSYCHIATRY AND THE LAW ABANDONED THE MENTALLY ILL /
بيان المسئوليه,etc ISAAC, RAEL JEAN
700 1# - المدخل الاضافى - اسم شخصى
الإسم الشخصى ARMAT, VIRGINIA C.
260 ## - PUBLICATION, DISTRIBUTION, ETC. (IMPRINT)
تاريخ النشر أو التوزيع 1990
300 ## - الوصف المادى
التعداد 24 CM ؛
أبعاد الوعاء IX,436 P
650 04 - المدخل الاضافى بالموضوع-مصطلح موضوعى
مصطلح موضوعي MENTALLY ILL - DEINSTITUTIONALIZATION - UNITED STATES
650 04 - المدخل الاضافى بالموضوع-مصطلح موضوعى
مصطلح موضوعي EXMENTAL PATIENTS - MENTAL HEALTH SERVICES - UNITED STATES
650 04 - المدخل الاضافى بالموضوع-مصطلح موضوعى
مصطلح موضوعي COMMUNITY MENTAL HEALTH SERVICES - UNITED STATES
942 ## - عناصر المدخل الإضافي( كوها)
مصدر التصنيف او مخطط الترفيف Dewey Decimal Classification
Koha [default] item type كتاب
260 ## - PUBLICATION, DISTRIBUTION, ETC. (IMPRINT)
-- نيويورك :
-- THE FREE PRESS ،
Holdings
حالة التراجع حالة الفقد حالة تلف ليس للاعارة المكان المؤقت الموقع الحالى تاريخ الاكتساب اجمالي اﻻعارات رقم الطلب الباركود تاريخ اخر مشاهدة تاريخ تفعيل السعر نوع وعاء كوها
        مكتبة القاهرة الكبرى مكتبة القاهرة الكبرى 03/26/2014   362.2086942\I M 18570 03/26/2014 03/26/2014 كتاب
        مكتبة القاهرة الكبرى مكتبة القاهرة الكبرى 03/26/2014   362.2086942\I M 18571 03/26/2014 03/26/2014 كتاب

Powered By

EGPV